| 000 | 00502nam a2200169Ia 4500 | ||
|---|---|---|---|
| 999 |
_c24626 _d24626 |
||
| 003 | OSt | ||
| 005 | 20201215154712.0 | ||
| 008 | 190216s9999||||xx |||||||||||||| ||und|| | ||
| 040 | _coclc | ||
| 082 |
_a894.8124 _bNAM/N |
||
| 100 |
_aNamboodiri, A P P _96703 |
||
| 245 | 0 |
_aNadakathilekkoru Nadappatha / _cA P P Namboodiri |
|
| 260 |
_bPoorna publication, _aCalicut: _c1967. |
||
| 300 | _a166p | ||
| 650 | _aEssay Malayalam | ||
| 942 |
_cBK _2ddc _h894.8124 _iNAM/N _k894.8124 _mNAM/N |
||